| 000 | 00639naa a2200145Ia 4500 | ||
|---|---|---|---|
| 003 | ES-SlBCS | ||
| 005 | 20210601151743.0 | ||
| 008 | 140520s1997 xxu||||| |||| 00| 0 spa d | ||
| 041 | _aspa | ||
| 100 | 1 |
_aLobo de Moura, Sergio _9337614 |
|
| 245 | 0 | 0 |
_aUna misión en proceso de reimplantación: la Orden Dominicana en el Brasil entre las dos guerras mundiales _cSergio Lobo De Moura |
| 610 | 2 | 4 |
_aDominicos-Brasil _9172214 |
| 773 | 0 |
_tLos Dominicos y el Nuevo Mundo. Siglos XIX-XX : Actas del Vº Congreso Internacional / José Barrado Barquilla, Santiado Rodríguez _dSalamanca : San Esteban, 1997 _g, págs. 571-580 _wVA45138 |
|
| 942 | _cAC | ||
| 999 |
_c763388 _d763388 |
||